[Event "IOFM"]
[Site "?"]
[Date "2019.07.29"]
[Round "3.3"]
[White "Just, Anita, Dr."]
[Black "Ries, Jutta"]
[Result "1/2-1/2"]
[BlackElo "1983"]
[WhiteElo "1875"]
[LiveChessVersion "1.4.8"]

1. e4 {[%clk 1:30:57]} Nf6 {[%clk 1:30:57]} 2. e5 {[%clk 1:31:22]} Ng8
{[%clk 1:31:09]} 3. d4 {[%clk 1:30:46]} d6 {[%clk 1:30:41]} 4. f4
{[%clk 1:29:07]} dxe5 {[%clk 1:27:30]} 5. fxe5 {[%clk 1:29:11]} Nc6
{[%clk 1:25:39]} 6. c3 {[%clk 1:23:56]} Bf5 {[%clk 1:19:44]} 7. Nf3
{[%clk 1:14:28]} e6 {[%clk 1:18:25]} 8. Nbd2 {[%clk 1:14:16]} Nge7
{[%clk 0:55:12]} 9. Be2 {[%clk 1:09:43]} Nd5 {[%clk 0:47:36]} 10. Nf1
{[%clk 1:06:32]} h6 {[%clk 0:44:01]} 11. Ng3 {[%clk 1:04:55]} Bg6
{[%clk 0:18:39]} 12. O-O {[%clk 1:03:20]} Be7 {[%clk 0:17:03]} 13. Ne1
{[%clk 0:54:44]} Bg5 {[%clk 0:10:57]} 14. Bxg5 {[%clk 0:42:39]} Qxg5
{[%clk 0:09:04]} 15. Qc1 {[%clk 0:38:04]} Qxc1 {[%clk 0:08:20]} 16. Rxc1
{[%clk 0:38:29]} O-O {[%clk 0:08:16]} 17. Nd3 {[%clk 0:34:43]} a5
{[%clk 0:07:03]} 18. Nf4 {[%clk 0:31:18]} Nxf4 {[%clk 0:06:42]} 19. Rxf4
{[%clk 0:31:43]} Ne7 {[%clk 0:06:52]} 20. Rcf1 {[%clk 0:26:45]} Nd5
{[%clk 0:05:58]} 21. R4f3 {[%clk 0:25:58]} Rad8 {[%clk 0:06:05]} 22. h4
{[%clk 0:23:47]} Ne7 {[%clk 0:04:25]} 23. h5 {[%clk 0:22:39]} Bf5
{[%clk 0:03:49]} 24. Bd3 {[%clk 0:16:15]} Bxd3 {[%clk 0:03:40]} 25. Rxd3
{[%clk 0:16:41]} c5 {[%clk 0:03:24]} 26. Ne4 {[%clk 0:16:44]} cxd4
{[%clk 0:03:31]} 27. cxd4 {[%clk 0:16:54]} Nc6 {[%clk 0:01:40]} 28. Nd6
{[%clk 0:14:09]} Rd7 {[%clk 0:02:04]} 29. a3 {[%clk 0:14:21]} f6 {[%clk 0:01:55]}
30. Re1 {[%clk 0:05:03]} fxe5 {[%clk 0:01:29]} 31. dxe5 {[%clk 0:05:26]} Rfd8
{[%clk 0:01:15]} 32. Rb3 {[%clk 0:04:21]} Nxe5 {[%clk 0:00:56]} 33. Rxe5
{[%clk 0:04:38]} Rxd6 {[%clk 0:01:25]} 34. Rxb7 {[%clk 0:05:00]} Ra6
{[%clk 0:00:39]} 35. Rbb5 {[%clk 0:05:20]} Rda8 {[%clk 0:01:06]} 36. Kf2
{[%clk 0:05:40]} Kf7 {[%clk 0:01:34]} 37. Ke3 {[%clk 0:05:43]} Kf6
{[%clk 0:01:49]} 38. Rec5 {[%clk 0:05:01]} R8a7 {[%clk 0:01:38]} 39. Ke4
{[%clk 0:04:38]} g6 {[%clk 0:00:40]} 40. g4 {[%clk 0:04:27]} gxh5
{[%clk 0:00:37]} 41. gxh5 {[%clk 0:02:51]} a4 {[%clk 0:11:13]} 42. Rc8
{[%clk 0:18:37]} Ra5 {[%clk 0:04:55]} 43. Rf8+ {[%clk 0:16:41]} Ke7
{[%clk 0:02:39]} 44. Rfb8 {[%clk 0:16:35]} Kf6 {[%clk 0:02:42]} 45. Kf4
{[%clk 0:11:49]} Ra8 {[%clk 0:02:34]} 46. R8b7 {[%clk 0:11:24]} R8a7
{[%clk 0:03:02]} 47. Rb8 {[%clk 0:10:15]} Ra8 {[%clk 0:03:29]} 48. R8b7
{[%clk 0:06:45]} R8a7 {[%clk 0:03:54]} 49. Ke4 Ke5+ 1/2-1/2

[Event "IOFM"]
[Site "?"]
[Date "2019.07.29"]
[Round "3.7"]
[White "Weinmann, Helene"]
[Black "Navarro Ortega-Villaizan, Alba"]
[Result "1-0"]
[BlackElo "700"]
[WhiteElo "1520"]
[LiveChessVersion "1.4.8"]

1. d4 {[%clk 1:30:55]} d5 {[%clk 1:30:34]} 2. Nf3 {[%clk 1:31:10]} Nf6
{[%clk 1:30:11]} 3. e3 {[%clk 1:31:15]} Bg4 {[%clk 1:29:59]} 4. c3
{[%clk 1:30:33]} e6 {[%clk 1:29:43]} 5. Nbd2 {[%clk 1:29:37]} c6 {[%clk 1:29:03]}
6. Qb3 {[%clk 1:29:39]} b6 {[%clk 1:27:12]} 7. Bd3 {[%clk 1:29:43]} Nbd7
{[%clk 1:26:21]} 8. O-O {[%clk 1:29:38]} Bxf3 {[%clk 1:25:58]} 9. Nxf3
{[%clk 1:29:52]} Ng4 {[%clk 1:25:02]} 10. h3 {[%clk 1:29:53]} Ngf6
{[%clk 1:24:16]} 11. c4 {[%clk 1:29:12]} c5 {[%clk 1:23:29]} 12. cxd5
{[%clk 1:28:22]} exd5 13. Bb5 {[%clk 1:28:37]} a6 {[%clk 1:23:08]} 14. Bc6
{[%clk 1:28:46]} Rc8 {[%clk 1:23:07]} 15. Ne5 {[%clk 1:27:36]} Bd6
{[%clk 1:22:29]} 16. Bxd7+ {[%clk 1:27:10]} Nxd7 {[%clk 1:22:34]} 17. Nf3
{[%clk 1:27:24]} c4 {[%clk 1:21:58]} 18. Qc2 {[%clk 1:24:50]} h6 {[%clk 1:21:38]}
19. Bd2 b5 20. e4 {[%clk 1:24:10]} Nf6 {[%clk 1:20:36]} 21. e5 {[%clk 1:24:23]}
O-O {[%clk 1:19:26]} 22. exd6 {[%clk 1:23:21]} Qxd6 {[%clk 1:18:34]} 23. a3
{[%clk 1:22:47]} Rfe8 {[%clk 1:17:20]} 24. Rfe1 {[%clk 1:23:04]} Rxe1+
{[%clk 1:17:05]} 25. Rxe1 {[%clk 1:23:00]} Re8 {[%clk 1:17:15]} 26. Rxe8+
{[%clk 1:22:37]} Nxe8 {[%clk 1:16:42]} 27. Bb4 {[%clk 1:22:17]} Qf6
{[%clk 1:15:15]} 28. Qe2 {[%clk 1:21:51]} Nc7 {[%clk 1:14:15]} 29. Qe5
{[%clk 1:21:55]} Qd8 {[%clk 1:14:02]} 30. Ba5 {[%clk 1:22:19]} f6
{[%clk 1:13:13]} 31. Qxc7 {[%clk 1:22:37]} Qxc7 {[%clk 1:13:09]} 32. Bxc7
{[%clk 1:22:22]} g5 {[%clk 1:12:06]} 33. g4 Kg7 34. Ne1 {[%clk 1:21:45]} Kg6
{[%clk 1:10:50]} 35. Nc2 {[%clk 1:16:59]} f5 {[%clk 1:10:42]} 36. gxf5+
{[%clk 1:16:01]} Kxf5 {[%clk 1:10:52]} 37. Ne3+ {[%clk 1:15:58]} Ke4
{[%clk 1:10:59]} 38. Bb6 {[%clk 1:14:48]} Kd3 {[%clk 1:09:18]} 39. Nxd5
{[%clk 1:14:53]} Kc2 {[%clk 1:07:32]} 40. Ba5 {[%clk 1:14:14]} Kxb2
{[%clk 1:07:31]} 41. Bb4 {[%clk 1:14:10]} h5 {[%clk 1:07:14]} 42. Nc3
{[%clk 1:13:58]} g4 {[%clk 1:06:47]} 43. hxg4 {[%clk 1:14:17]} hxg4
{[%clk 1:06:57]} 44. d5 {[%clk 1:14:34]} g3 {[%clk 1:05:54]} 45. d6
{[%clk 1:14:33]} gxf2+ {[%clk 1:05:36]} 46. Kxf2 {[%clk 1:15:00]} Kb3
{[%clk 1:05:05]} 47. d7 1-0

[Event "IOFM"]
[Site "?"]
[Date "2019.08.02"]
[Round "7.3"]
[White "Ries, Jutta"]
[Black "Pribylova, Ruzena"]
[Result "1-0"]
[BlackElo "1867"]
[WhiteElo "1983"]
[LiveChessVersion "1.4.8"]

1. f4 {[%clk 1:30:57]} d5 {[%clk 1:30:49]} 2. Nf3 {[%clk 1:31:17]} Nf6
{[%clk 1:30:37]} 3. e3 {[%clk 1:30:53]} e6 {[%clk 1:30:50]} 4. b3
{[%clk 1:30:53]} Be7 {[%clk 1:31:01]} 5. Bb2 {[%clk 1:31:08]} O-O
{[%clk 1:31:16]} 6. Bd3 {[%clk 1:29:26]} c5 {[%clk 1:29:21]} 7. O-O
{[%clk 1:28:45]} Nc6 {[%clk 1:29:33]} 8. a3 {[%clk 1:28:09]} b6 {[%clk 1:29:14]}
9. Qe1 {[%clk 1:15:57]} Ne4 {[%clk 1:23:16]} 10. Nc3 {[%clk 1:00:06]} f5
{[%clk 1:14:34]} 11. Bb5 {[%clk 0:35:07]} Bb7 {[%clk 1:12:45]} 12. d3
{[%clk 0:28:19]} Nd6 {[%clk 1:05:52]} 13. Bxc6 {[%clk 0:28:42]} Bxc6
{[%clk 1:06:13]} 14. Ne2 {[%clk 0:22:38]} Rc8 {[%clk 0:58:03]} 15. Qg3
{[%clk 0:19:12]} Bf6 {[%clk 0:58:00]} 16. Bxf6 {[%clk 0:19:39]} Qxf6
{[%clk 0:48:00]} 17. Ne5 {[%clk 0:20:06]} Rfe8 {[%clk 0:47:33]} 18. c3
{[%clk 0:06:14]} Bb7 {[%clk 0:44:36]} 19. Rad1 {[%clk 0:06:16]} Rc7
{[%clk 0:40:31]} 20. c4 {[%clk 0:04:17]} a6 {[%clk 0:35:04]} 21. Rb1
{[%clk 0:03:19]} b5 {[%clk 0:34:28]} 22. Rfc1 {[%clk 0:03:48]} Rec8
{[%clk 0:28:51]} 23. h4 {[%clk 0:03:40]} Nf7 {[%clk 0:27:16]} 24. Nxf7
{[%clk 0:02:47]} Kxf7 {[%clk 0:27:21]} 25. Qg5 {[%clk 0:02:50]} Qxg5
{[%clk 0:26:36]} 26. hxg5 {[%clk 0:03:19]} Kg6 {[%clk 0:26:08]} 27. Kf2
{[%clk 0:03:44]} h6 {[%clk 0:25:40]} 28. gxh6 {[%clk 0:03:54]} gxh6
{[%clk 0:19:17]} 29. cxd5 {[%clk 0:02:08]} Bxd5 {[%clk 0:17:25]} 30. Nc3
{[%clk 0:01:59]} Bb7 {[%clk 0:14:37]} 31. Ne2 {[%clk 0:01:19]} Kf6
{[%clk 0:13:46]} 32. Rh1 {[%clk 0:01:34]} Rh7 {[%clk 0:12:45]} 33. Rbc1
{[%clk 0:01:53]} h5 {[%clk 0:12:35]} 34. Rh2 {[%clk 0:01:46]} Bd5
{[%clk 0:10:43]} 35. Rb1 {[%clk 0:01:15]} e5 {[%clk 0:07:35]} 36. fxe5+
{[%clk 0:01:27]} Kxe5 {[%clk 0:08:03]} 37. Nf4 {[%clk 0:01:41]} Bf7
{[%clk 0:06:33]} 38. Ke2 {[%clk 0:01:12]} Be8 {[%clk 0:00:58]} 39. Kf2
{[%clk 0:00:44]} Rcc7 {[%clk 0:01:12]} 40. Rh4 {[%clk 0:00:53]} Bf7
{[%clk 0:01:26]} 41. Nh3 {[%clk 0:15:05]} Rg7 {[%clk 0:16:59]} 42. Ng1
{[%clk 0:14:20]} Rg4 {[%clk 0:15:49]} 43. Nf3+ {[%clk 0:14:00]} Kf6
{[%clk 0:15:57]} 44. Rhh1 {[%clk 0:10:48]} Rg8 {[%clk 0:13:31]} 45. Rhc1
{[%clk 0:07:08]} Rgc8 {[%clk 0:13:20]} 46. Rb2 {[%clk 0:06:05]} Bd5
{[%clk 0:08:47]} 47. Rh1 {[%clk 0:03:07]} Bf7 {[%clk 0:08:40]} 48. Nd2
{[%clk 0:03:10]} Kg5 {[%clk 0:07:39]} 49. Nf3+ {[%clk 0:03:13]} Kf6
{[%clk 0:08:02]} 50. Rh4 {[%clk 0:03:12]} Rd8 {[%clk 0:07:15]} 51. Ne1
{[%clk 0:01:50]} Kg5 {[%clk 0:07:19]} 52. Rf4 {[%clk 0:01:59]} Bd5
{[%clk 0:05:50]} 53. Ke2 {[%clk 0:01:23]} h4 {[%clk 0:04:27]} 54. Nf3+
{[%clk 0:01:52]} Bxf3+ {[%clk 0:04:35]} 55. Rxf3 {[%clk 0:02:21]} Rcd7
{[%clk 0:04:45]} 56. Rd2 {[%clk 0:02:12]} Rh8 {[%clk 0:03:09]} 57. Kd1
{[%clk 0:02:19]} Kf6 {[%clk 0:01:40]} 58. Kc2 {[%clk 0:02:28]} Ke5
{[%clk 0:01:48]} 59. Rdf2 {[%clk 0:02:56]} Rh5 {[%clk 0:01:49]} 60. Rf4
{[%clk 0:02:54]} Rd6 {[%clk 0:02:01]} 61. Kc3 {[%clk 0:02:42]} h3 62. gxh3
{[%clk 0:03:01]} Rxh3 {[%clk 0:01:54]} 63. Rxf5+ {[%clk 0:03:28]} Ke6
{[%clk 0:02:17]} 64. Rf6+ {[%clk 0:03:29]} Ke7 {[%clk 0:02:46]} 65. Rxd6
{[%clk 0:03:22]} Kxd6 {[%clk 0:03:15]} 66. Rf6+ {[%clk 0:03:45]} Kc7
{[%clk 0:03:38]} 67. e4 {[%clk 0:02:49]} Kb7 {[%clk 0:03:59]} 68. a4
{[%clk 0:02:21]} Rh1 {[%clk 0:04:18]} 69. axb5 {[%clk 0:01:59]} axb5
{[%clk 0:04:46]} 70. b4 {[%clk 0:01:14]} cxb4+ {[%clk 0:03:58]} 71. Kxb4
{[%clk 0:01:42]} Rb1+ {[%clk 0:04:18]} 72. Kc3 {[%clk 0:01:25]} b4+
{[%clk 0:03:24]} 73. Kc2 {[%clk 0:01:53]} Ra1 {[%clk 0:03:33]} 74. Rd6
{[%clk 0:01:40]} Ra3 {[%clk 0:03:41]} 75. e5 {[%clk 0:01:32]} Kc7
{[%clk 0:03:58]} 76. Rd4 {[%clk 0:01:31]} Kc6 {[%clk 0:03:12]} 77. Rxb4
{[%clk 0:00:40]} Kc5 {[%clk 0:03:20]} 78. Rb3 {[%clk 0:00:40]} Ra1
{[%clk 0:03:14]} 79. Kc3 {[%clk 0:00:39]} Rc1+ {[%clk 0:03:23]} 80. Kd2
{[%clk 0:01:06]} Ra1 {[%clk 0:03:39]} 81. Ke3 {[%clk 0:00:45]} Re1+
{[%clk 0:04:07]} 82. Kf4 {[%clk 0:00:47]} Kd4 {[%clk 0:03:29]} 83. Rb5
{[%clk 0:00:38]} Rf1+ {[%clk 0:03:35]} 84. Kg5 {[%clk 0:01:01]} Kxd3
{[%clk 0:03:33]} 85. e6 {[%clk 0:01:11]} Kd4 {[%clk 0:03:35]} 86. Kg6
{[%clk 0:00:52]} Rg1+ {[%clk 0:03:13]} 87. Kf7 {[%clk 0:00:55]} Rf1+
{[%clk 0:02:49]} 88. Ke8 {[%clk 0:01:16]} Ra1 {[%clk 0:02:57]} 89. e7
{[%clk 0:01:09]} Ra8+ {[%clk 0:03:06]} 90. Kf7 {[%clk 0:01:22]} Ra7
{[%clk 0:03:26]} 91. Kf8 {[%clk 0:01:49]} Kd5 {[%clk 0:02:39]} 1-0

[Event "IOFM"]
[Site "?"]
[Date "2019.08.04"]
[Round "9.3"]
[White "Sewald, Kathrin"]
[Black "Navarro Ortega-Villaizan, Alba"]
[Result "1-0"]
[BlackElo "700"]
[WhiteElo "2016"]
[LiveChessVersion "1.4.8"]

1. e4 {[%clk 1:30:30]} e5 {[%clk 1:30:25]} 2. Nf3 {[%clk 1:30:55]} Nc6
{[%clk 1:30:07]} 3. Bc4 {[%clk 1:30:54]} d6 {[%clk 1:28:58]} 4. c3
{[%clk 1:31:06]} f6 {[%clk 1:27:54]} 5. O-O {[%clk 1:31:06]} Bg4 {[%clk 1:24:17]}
6. h3 {[%clk 1:31:29]} Bxf3 {[%clk 1:24:16]} 7. Qxf3 {[%clk 1:31:54]} Nge7
{[%clk 1:23:53]} 8. d3 {[%clk 1:31:57]} Qd7 {[%clk 1:23:11]} 9. Be3
{[%clk 1:31:49]} O-O-O {[%clk 1:21:45]} 10. Bb5 {[%clk 1:32:05]} a6
{[%clk 1:21:35]} 11. Ba4 {[%clk 1:32:31]} g6 {[%clk 1:19:31]} 12. Qxf6
{[%clk 1:32:05]} Rg8 13. Bb3 {[%clk 1:32:22]} Bg7 {[%clk 1:19:19]} 14. Qe6
{[%clk 1:32:45]} Qxe6 {[%clk 1:18:05]} 15. Bxe6+ {[%clk 1:33:11]} Kb8
{[%clk 1:17:51]} 16. Bxg8 {[%clk 1:33:35]} Rxg8 {[%clk 1:18:06]} 17. f4
{[%clk 1:33:31]} exf4 {[%clk 1:17:58]} 18. Bxf4 {[%clk 1:33:56]} d5
{[%clk 1:15:12]} 19. Nd2 {[%clk 1:33:33]} d4 {[%clk 1:14:32]} 20. Rac1
{[%clk 1:33:10]} dxc3 {[%clk 1:14:28]} 21. bxc3 {[%clk 1:33:33]} h6
{[%clk 1:10:00]} 22. d4 {[%clk 1:32:58]} Nd8 {[%clk 1:09:07]} 23. Nb3
{[%clk 1:33:05]} g5 {[%clk 1:09:08]} 24. Bg3 {[%clk 1:33:27]} h5 {[%clk 1:07:57]}
25. Nc5 {[%clk 1:33:44]} b6 {[%clk 1:07:21]} 26. Nxa6+ {[%clk 1:34:08]} Kb7
{[%clk 1:06:43]} 27. Nxc7 {[%clk 1:34:31]} h4 {[%clk 1:05:04]} 28. Bd6
{[%clk 1:34:33]} Ng6 {[%clk 1:01:02]} 29. Nd5 {[%clk 1:33:48]} Re8
{[%clk 1:00:39]} 30. e5 {[%clk 1:33:54]} Nf4 {[%clk 1:00:13]} 31. Nxf4
{[%clk 1:34:18]} gxf4 {[%clk 0:59:25]} 32. Rxf4 {[%clk 1:34:43]} Bh6
{[%clk 0:59:32]} 33. Rcf1 {[%clk 1:35:09]} Bxf4 {[%clk 0:59:22]} 34. Rxf4
{[%clk 1:35:34]} Rh8 35. d5 Rh5 {[%clk 0:58:06]} 36. Rf8 {[%clk 1:35:54]} Nc6
{[%clk 0:56:52]} 37. dxc6+ {[%clk 1:36:18]} Kxc6 {[%clk 0:57:03]} 38. Rc8+
{[%clk 1:36:36]} Kd7 {[%clk 0:56:39]} 39. Rc7+ {[%clk 1:36:56]} Ke8
{[%clk 0:54:51]} 40. e6 {[%clk 1:37:00]} Rd5 {[%clk 0:54:47]} 41. Rc8# 1-0

[Event "IOFM"]
[Site "?"]
[Date "2019.08.04"]
[Round "9.5"]
[White "Steckmann, Kerstin"]
[Black "Peglau, Sarah"]
[Result "0-1"]
[BlackElo "1525"]
[WhiteElo "1653"]
[LiveChessVersion "1.4.8"]

1. d4 {[%clk 1:30:59]} d5 {[%clk 1:30:47]} 2. c4 {[%clk 1:31:24]} e6
{[%clk 1:31:10]} 3. Nf3 {[%clk 1:31:49]} Nf6 {[%clk 1:31:28]} 4. Bg5
{[%clk 1:31:39]} Be7 {[%clk 1:31:41]} 5. e3 {[%clk 1:31:47]} O-O {[%clk 1:31:48]}
6. Nc3 {[%clk 1:32:03]} b6 {[%clk 1:27:56]} 7. cxd5 {[%clk 1:30:44]} exd5
{[%clk 1:24:26]} 8. Bd3 {[%clk 1:27:23]} Bb7 {[%clk 1:21:50]} 9. O-O
{[%clk 1:23:52]} Na6 {[%clk 1:17:22]} 10. Rc1 {[%clk 1:21:08]} Ne4
{[%clk 0:58:52]} 11. Bxe7 {[%clk 1:16:27]} Qxe7 {[%clk 0:59:21]} 12. Ne2
{[%clk 1:10:16]} Rfc8 {[%clk 0:49:48]} 13. Qa4 {[%clk 0:54:57]} Nb4
{[%clk 0:49:08]} 14. Bb1 {[%clk 0:50:02]} Ba6 {[%clk 0:44:18]} 15. Rfe1
{[%clk 0:49:56]} Bd3 {[%clk 0:35:44]} 16. Nf4 {[%clk 0:47:41]} Bxb1
{[%clk 0:35:17]} 17. Rxb1 {[%clk 0:48:09]} g5 {[%clk 0:31:47]} 18. Nh5
{[%clk 0:44:18]} Nd3 {[%clk 0:30:31]} 19. Re2 {[%clk 0:44:12]} Re8
{[%clk 0:24:30]} 20. Qc6 {[%clk 0:38:11]} Rad8 {[%clk 0:17:05]} 21. Qh6
{[%clk 0:37:10]} f5 {[%clk 0:15:59]} 22. Nxg5 {[%clk 0:30:37]} Rd6
{[%clk 0:12:26]} 23. Qxh7+ {[%clk 0:27:37]} Qxh7 {[%clk 0:12:54]} 24. Nxh7
{[%clk 0:28:05]} Kxh7 {[%clk 0:13:23]} 25. Rd1 {[%clk 0:26:58]} Ndxf2
{[%clk 0:11:32]} 26. Rxf2 {[%clk 0:27:11]} Nxf2 {[%clk 0:11:49]} 27. Kxf2
{[%clk 0:27:39]} c5 {[%clk 0:08:35]} 28. dxc5 {[%clk 0:24:31]} bxc5
{[%clk 0:09:04]} 29. Nf4 {[%clk 0:23:42]} Kg7 {[%clk 0:05:08]} 30. Rxd5
{[%clk 0:23:14]} Rxd5 {[%clk 0:05:35]} 31. Nxd5 {[%clk 0:23:29]} Rd8
{[%clk 0:05:53]} 32. Nf4 {[%clk 0:21:42]} Rd2+ {[%clk 0:05:17]} 33. Kf3
{[%clk 0:21:44]} c4 {[%clk 0:04:22]} 34. h4 {[%clk 0:14:12]} Rxb2
{[%clk 0:04:40]} 35. e4 {[%clk 0:11:18]} c3 {[%clk 0:03:03]} 36. exf5
{[%clk 0:10:17]} Rxa2 {[%clk 0:00:47]} 37. Ke3 {[%clk 0:09:22]} a5
{[%clk 0:00:43]} 38. Kd3 {[%clk 0:07:55]} a4 {[%clk 0:00:33]} 39. Kxc3
{[%clk 0:07:49]} Rf2 {[%clk 0:00:50]} 40. Nd3 {[%clk 0:01:08]} Rxg2
{[%clk 0:01:18]} 41. Nb2 {[%clk 0:01:24]} a3 {[%clk 0:01:23]} 0-1